| 000 | 00672cam a22001811 4500 | ||
|---|---|---|---|
| 001 | 000016347 | ||
| 005 | 20240418073804.0 | ||
| 008 | 781101s1960 mx 000 0 spa | ||
| 040 |
_aDO-SdBNP _bspa _cBNPHU |
||
| 245 | 0 | 0 | _aJuristas y sociólogos. |
| 260 |
_aPuebla, México : _bJ. M. Cajica, _c1960. |
||
| 300 |
_a662 p. ; _c22 cm. |
||
| 440 | 0 |
_aBiblioteca ecuatoriana mínima. La colonia y la república _93109 |
|
| 500 | _aA cabeza de tít.: Publicación auspiciada por la Secretaría General de la Undécima Conferencia Interamericana, Quito, Ecuador, 1960 | ||
| 650 | 2 | 4 |
_aDiscurso forense. _936462 |
| 650 | 2 | 4 |
_aDerecho _zEcuador _936463 |
| 650 | 2 | 0 |
_aSociología _91061 |
| 999 |
_c15882 _d15882 |
||